[Event "Tournoi francophone 014 Groupe C"]
[Site "Skype"]
[Date "????.??.??"]
[Round "1.1"]
[White "Ortiz, Vladimir"]
[Black "Briere, Jean"]
[Result "1-0"]
[WhiteElo "1419"]
[BlackElo "1435"]
[PlyCount "81"]

1. e4 e5 2. Nf3 Nc6 3. Bb5 d6 4. Bxc6+ bxc6 5. d4 exd4 6. Qxd4 Nf6 7. e5 c5 8.
Qd2 Ng4 9. Qd5 Be6 10. Qc6+ Bd7 11. Qe4 Be7 12. h3 Nxe5 13. Nxe5 dxe5 14. Qxe5
O-O 15. Nc3 Re8 16. Be3 Bd6 17. Qd5 Re5 18. Qd2 Bc6 19. Rg1 c4 20. O-O-O Re8
21. f3 Be5 22. Qxd8 Rexd8 23. Rxd8+ Rxd8 24. Bd2 Rb8 25. Re1 f6 26. Re2 Kf7 27.
f4 Bxc3 28. Bxc3 f5 29. g3 Be4 30. Rd2 Ke6 31. g4 g6 32. Be5 Rc8 33. Rd4 Bd5
34. b3 c5 35. Rd2 cxb3 36. axb3 a5 37. Kb2 c4 38. bxc4 Rxc4 39. c3 Ra4 40.
gxf5+ Kxf5 41. Rxd5 1-0

[Event "Tournoi francophone 014 Groupe C"]
[Site "Skype"]
[Date "????.??.??"]
[Round "1.2"]
[White "Farfallini, Michel"]
[Black "Scata, Laura"]
[Result "1/2-1/2"]
[WhiteElo "1446"]
[BlackElo "1366"]
[PlyCount "85"]

1. d4 c6 2. e4 d5 3. exd5 cxd5 4. Nc3 Nf6 5. Bf4 a6 6. Bd3 Nc6 7. Nf3 Nb4 8.
O-O Bg4 9. a3 Nxd3 10. Qxd3 e6 11. Rfe1 Be7 12. Ne5 Bf5 13. Qe2 O-O 14. Nd1 Rc8
15. c3 Qb6 16. Ne3 Be4 17. f3 Bg6 18. Nxg6 hxg6 19. Rac1 Bd6 20. Bg5 Qc7 21.
Bxf6 gxf6 22. Ng4 Kg7 23. Qf2 f5 24. Ne5 Bxe5 25. dxe5 Qc5 26. Qxc5 Rxc5 27. f4
Rfc8 28. Re3 b5 29. Rh3 b4 30. axb4 Rc4 31. Rf1 Rb8 32. Rff3 a5 33. Rh4 axb4
34. Rfh3 Rg8 35. Rh7+ Kf8 36. cxb4 Rxb4 37. Rc3 Rc4 38. Ra3 Rc8 39. Ra7 Rg7 40.
Rh8+ Rg8 41. Rh7 Rg7 42. Rh8+ Rg8 43. Rh7 1/2-1/2

[Event "Tournoi francophone 014 Groupe C"]
[Site "Skype"]
[Date "????.??.??"]
[Round "1.3"]
[White "Ambrosino, Theo"]
[Black "L'Herbon De Lussats, Jean"]
[Result "1-0"]
[WhiteElo "1339"]
[BlackElo "1272"]
[PlyCount "79"]

1. c4 c5 2. Nc3 Nc6 3. Nf3 e5 4. d3 Nf6 5. e4 d6 6. g3 Be7 7. Bg2 O-O 8. O-O
Bg4 9. Ne2 Nd4 10. Nfxd4 cxd4 11. h3 Be6 12. f4 exf4 13. Bxf4 Qd7 14. Kh2 Rac8
15. Nxd4 h6 16. Nf5 Nh7 17. Qe2 Bg5 18. Bxd6 Rfe8 19. Qf3 f6 20. Bb4 Bxf5 21.
exf5 Re3 22. Qd5+ Qf7 23. Qxf7+ Kxf7 24. Bd5+ Ke8 25. Rfe1 b6 26. Rxe3+ Bxe3
27. Re1 Kd8 28. Rxe3 Ng5 29. h4 Nh7 30. Re7 a5 31. Bd6 Nf8 32. Rxg7 Ke8 33.
Bxf8 Kxf8 34. Rg8+ Ke7 35. Rxc8 Kd6 36. Rc6+ Ke5 37. Rxb6 Kxf5 38. Be4+ Kg4 39.
Rxf6 h5 40. Rf4# 1-0

[Event "Tournoi francophone 014 Groupe C"]
[Site "Skype"]
[Date "????.??.??"]
[Round "1.4"]
[White "Duthoit, Bernard"]
[Black "Couto, Januario"]
[Result "1/2-1/2"]
[WhiteElo "1379"]
[BlackElo "1387"]
[PlyCount "48"]

1. e4 d5 2. exd5 Qxd5 3. Nc3 Qd6 4. Nf3 c6 5. Be2 Nf6 6. O-O Bg4 7. h3 h5 8.
Nh2 Bxe2 9. Qxe2 e6 10. d3 Be7 11. Re1 Nbd7 12. Bg5 Nd5 13. Nxd5 cxd5 14. Bxe7
Qxe7 15. Nf3 O-O 16. Ne5 Nxe5 17. Qxe5 g6 18. b3 Rad8 19. Rac1 Qd6 20. Qxd6
Rxd6 21. Red1 Rfd8 22. d4 Rc6 23. Kf1 Kg7 24. f4 Rc3 1/2-1/2

[Event "Tournoi francophone 014 Groupe C"]
[Site "Skype"]
[Date "????.??.??"]
[Round "1.5"]
[White "Bucherie, Volcy"]
[Black "Gerbaux, Regis"]
[Result "1-0"]
[WhiteElo "1336"]
[BlackElo "1073"]
[PlyCount "69"]

1. d4 d5 2. c4 e6 3. Nc3 Nf6 4. Nf3 Nbd7 5. a3 c5 6. Bg5 Be7 7. e3 O-O 8. Bd3
b6 9. O-O Bb7 10. h3 Rc8 11. Qc2 dxc4 12. Bxc4 cxd4 13. Nb5 Be4 14. Qa4 a5 15.
Nbxd4 e5 16. Ba6 Nc5 17. Nc6 Bxc6 18. Qc4 Nxa6 19. Qxa6 b5 20. Nxe5 Qd6 21.
Nxc6 Rxc6 22. Qxb5 Rb6 23. Qxa5 Rxb2 24. Rfd1 Qc6 25. Rab1 Rxb1 26. Rxb1 Qc2
27. Rf1 Re8 28. e4 Qxe4 29. Re1 Qd3 30. a4 h6 31. Re3 Qd1+ 32. Kh2 Bd6+ 33. g3
Rxe3 34. fxe3 Qe2+ 35. Kg1 1-0

[Event "Tournoi francophone 014 Groupe C"]
[Site "Skype"]
[Date "????.??.??"]
[Round "2.1"]
[White "Briere, Jean"]
[Black "Gerbaux, Regis"]
[Result "1-0"]
[WhiteElo "1435"]
[BlackElo "1073"]
[PlyCount "49"]

1. e4 c6 2. Nf3 d5 3. exd5 cxd5 4. d4 Bf5 5. Bd3 Bxd3 6. Qxd3 Nd7 7. Nc3 e6 8.
Bf4 Ngf6 9. Nb5 Qb6 10. Nc7+ Kd8 11. Nxa8 Qb4+ 12. Qc3 Qxc3+ 13. bxc3 Ne4 14.
Bc7+ Kc8 15. Ba5 Kb8 16. Nc7 b6 17. Nxd5 exd5 18. Bb4 Bd6 19. Bxd6+ Nxd6 20.
O-O Ne4 21. Rfe1 Ndf6 22. Ne5 Nxc3 23. Nxf7 Rf8 24. Ne5 Nfe4 25. Nd7+ 1-0

[Event "Tournoi francophone 014 Groupe C"]
[Site "Skype"]
[Date "????.??.??"]
[Round "2.2"]
[White "Couto, Januario"]
[Black "Bucherie, Volcy"]
[Result "1-0"]
[WhiteElo "1387"]
[BlackElo "1336"]
[PlyCount "115"]

1. e4 c6 2. Nc3 d5 3. Nf3 dxe4 4. Nxe4 Bf5 5. Ng3 e6 6. Bc4 Nf6 7. Qe2 Be7 8.
Nxf5 exf5 9. O-O O-O 10. d4 Re8 11. Ng5 Nd5 12. Re1 Nd7 13. Bxd5 cxd5 14. Qh5
Bxg5 15. Rxe8+ Qxe8 16. Bxg5 h6 17. Be3 Rc8 18. c3 Nf6 19. Qxf5 Qd7 20. Qf3 Qg4
21. Qxg4 Nxg4 22. Re1 Nxe3 23. Rxe3 Kh7 24. Re7 Kg6 25. Rxb7 a5 26. Rd7 a4 27.
Rxd5 Re8 28. Kf1 f5 29. Rb5 Kg5 30. Rb4 Kf4 31. Rxa4 Ke4 32. Ra7 g5 33. Rd7 Kd3
34. Rh7 Kd2 35. g3 Re1+ 36. Kg2 Ra1 37. Rxh6 Rxa2 38. Rh5 g4 39. Rxf5 Rxb2 40.
Rf4 Kxc3 41. Rxg4 Rb4 42. h4 Kd3 43. h5 Ke2 44. Re4+ Kd3 45. Rf4 Ke2 46. d5 Rb5
47. Rf5 Kd3 48. g4 Ke4 49. Kg3 Rb3+ 50. f3+ Kd4 51. d6 Rb7 52. h6 Rh7 53. g5
Rd7 54. Rf6 Rd8 55. f4 Re8 56. d7 Re3+ 57. Kg4 Ke4 58. Re6+ 1-0

[Event "Tournoi francophone 014 Groupe C"]
[Site "Skype"]
[Date "????.??.??"]
[Round "2.3"]
[White "L'Herbon De Lussats, Jean"]
[Black "Duthoit, Bernard"]
[Result "1-0"]
[WhiteElo "1272"]
[BlackElo "1379"]
[PlyCount "72"]

1. d4 e6 2. c4 c6 3. g3 d5 4. Bg2 a6 5. Qc2 b5 6. c5 Nf6 7. Nd2 g6 8. Ngf3 Bg7
9. Ne5 Nfd7 10. Ndf3 Nxe5 11. Nxe5 Bxe5 12. dxe5 Nd7 13. Bf4 g5 14. Be3 Nxe5
15. Qc3 f6 16. Bd4 Nd7 17. f4 g4 18. O-O-O h5 19. e4 e5 20. fxe5 fxe5 21. Bxe5
Rh7 22. Bd6 Qg5+ 23. Qd2 Qxd2+ 24. Rxd2 h4 25. exd5 hxg3 26. Re1+ Kf7 27. Bxg3
Nxc5 28. b4 Nd7 29. dxc6 Nb6 30. c7 Be6 31. Bxa8 Rh8 32. Bb7 Bxa2 33. Bxa6 Ra8
34. Bxb5 Nd5 35. Bc6 Rc8 36. Bxd5+ Bxd5 1-0

[Event "Tournoi francophone 014 Groupe C"]
[Site "Skype"]
[Date "????.??.??"]
[Round "2.4"]
[White "Scata, Laura"]
[Black "Ambrosino, Theo"]
[Result "1/2-1/2"]
[WhiteElo "1366"]
[BlackElo "1339"]
[PlyCount "77"]

1. d4 Nf6 2. Nf3 e6 3. Bf4 d5 4. e3 c5 5. c3 Nc6 6. Ne5 h6 7. Bb5 Bd7 8. Nd2
Nxe5 9. Bxd7+ Nexd7 10. Qe2 c4 11. e4 Nxe4 12. Nxe4 dxe4 13. Qxc4 Qc8 14. Qe2
Qc6 15. O-O Be7 16. Rfd1 O-O 17. h3 Nb6 18. Qg4 h5 19. Qxh5 Nd7 20. Re1 Nf6 21.
Qd1 Bd6 22. Bg5 Nh7 23. Bd2 e5 24. dxe5 Bxe5 25. Qc1 Rad8 26. Re3 Bf4 27. Re2
Bxd2 28. Rxd2 Qf6 29. Re2 Qg6 30. Re3 Rd3 31. Qe1 Ng5 32. Kh2 Rfd8 33. h4 Qh7
34. g3 Rxe3 35. Qxe3 Nf3+ 36. Kg2 Rd3 37. Qxa7 g5 38. Qxb7 gxh4 39. Qc8+
1/2-1/2

[Event "Tournoi francophone 014 Groupe C"]
[Site "Skype"]
[Date "????.??.??"]
[Round "2.5"]
[White "Ortiz, Vladimir"]
[Black "Farfallini, Michel"]
[Result "1-0"]
[WhiteElo "1419"]
[BlackElo "1446"]
[PlyCount "31"]

1. e4 e5 2. Nf3 Nc6 3. Bb5 a6 4. Bxc6 dxc6 5. d3 Bg4 6. Nbd2 Bc5 7. h3 Bxf3 8.
Nxf3 f6 9. a3 Qd6 10. Qe2 O-O-O 11. Be3 Bxe3 12. Qxe3 Ne7 13. Nd2 f5 14. Nc4
Qg6 15. Nxe5 Qxg2 16. Qa7 1-0

[Event "Tournoi francophone 014 Groupe C"]
[Site "Skype"]
[Date "????.??.??"]
[Round "3.1"]
[White "Farfallini, Michel"]
[Black "Briere, Jean"]
[Result "1-0"]
[WhiteElo "1446"]
[BlackElo "1435"]
[PlyCount "67"]

1. e4 e5 2. Nf3 Nc6 3. Bc4 Bc5 4. O-O Nf6 5. b4 Bxb4 6. d4 exd4 7. Nxd4 Bc5 8.
Nxc6 bxc6 9. e5 Ne4 10. Qf3 d5 11. exd6 Nxd6 12. Re1+ Kf8 13. Bb3 Qf6 14. Qxf6
gxf6 15. Bb2 Kg7 16. Nd2 Bf5 17. Re7 Rac8 18. Nf3 Rhe8 19. Rae1 Bxf2+ 20. Kxf2
Ne4+ 21. R1xe4 Bxe4 22. Rxf7+ Kg6 23. Nh4+ Kh5 24. Kg3 Rg8+ 25. Kh3 Rg4 26. g3
Rd8 27. Re7 h6 28. Bxf6 Rf8 29. Re5+ Rg5 30. c4 Rxf6 31. Rxe4 Rg7 32. Bd1+ Kg5
33. Re5+ Rf5 34. Rxf5# 1-0

[Event "Tournoi francophone 014 Groupe C"]
[Site "Skype"]
[Date "????.??.??"]
[Round "3.2"]
[White "Ambrosino, Theo"]
[Black "Ortiz, Vladimir"]
[Result "1-0"]
[WhiteElo "1339"]
[BlackElo "1419"]
[PlyCount "43"]

1. c4 Nf6 2. Nc3 d5 3. cxd5 Nxd5 4. Nxd5 Qxd5 5. Nf3 Bg4 6. g3 Bxf3 7. exf3 e6
8. Bg2 Qe5+ 9. Kf1 Nc6 10. d3 Bd6 11. f4 Qb5 12. a4 a5 13. axb5 Nd4 14. Bxb7
Rb8 15. Bc6+ Ke7 16. Rxa5 h5 17. Be3 Nxc6 18. bxc6 Rxb2 19. Bd4 Rb4 20. Bxg7
Rh7 21. Qa1 Rb8 22. Bf6+ 1-0

[Event "Tournoi francophone 014 Groupe C"]
[Site "Skype"]
[Date "????.??.??"]
[Round "3.3"]
[White "Duthoit, Bernard"]
[Black "Scata, Laura"]
[Result "0-1"]
[WhiteElo "1379"]
[BlackElo "1366"]
[PlyCount "110"]

1. e4 c6 2. d4 d5 3. e5 Bf5 4. Bd3 Bxd3 5. Qxd3 e6 6. Nf3 Nd7 7. c3 c5 8. Bg5
Qb6 9. Qc2 Rc8 10. Qb3 cxd4 11. Qxb6 Nxb6 12. cxd4 Ne7 13. O-O Nf5 14. Rc1 h6
15. Rxc8+ Nxc8 16. Be3 Nxe3 17. fxe3 Be7 18. Nbd2 O-O 19. Rc1 Bg5 20. Nxg5 hxg5
21. h3 f6 22. exf6 gxf6 23. Nf3 Nb6 24. a3 Nc4 25. b3 Nxe3 26. Kf2 Nf5 27. g4
Nd6 28. Rc7 Rf7 29. Rc2 Rf8 30. Rc7 Rf7 31. Rc2 Kf8 32. h4 Rh7 33. h5 f5 34.
Nxg5 Re7 35. gxf5 exf5 36. Re2 Ne4+ 37. Nxe4 Rxe4 38. Rxe4 fxe4 39. Ke3 Kg7 40.
Kf4 Kh6 41. Ke3 Kxh5 42. a4 Kg4 43. b4 b6 44. a5 bxa5 45. bxa5 a6 46. Ke2 Kf4
47. Kf2 Kg4 48. Ke3 Kg3 49. Ke2 Kg2 50. Ke3 Kf1 51. Kf4 Kf2 52. Ke5 e3 53. Kxd5
e2 54. Kc5 e1=Q 55. d5 Qxa5+ 0-1

[Event "Tournoi francophone 014 Groupe C"]
[Site "Skype"]
[Date "????.??.??"]
[Round "3.4"]
[White "Bucherie, Volcy"]
[Black "L'Herbon De Lussats, Jean"]
[Result "0-1"]
[WhiteElo "1336"]
[BlackElo "1272"]
[PlyCount "62"]

1. Nf3 c5 2. e4 d6 3. c4 Nf6 4. Nc3 Nc6 5. Nd5 e6 6. Nxf6+ Qxf6 7. Be2 g6 8.
O-O Bg7 9. h3 O-O 10. Nh2 Nd4 11. Ng4 Qe7 12. d3 Bh8 13. Be3 f5 14. Nh6+ Kg7
15. Bxd4+ cxd4 16. Nxf5+ exf5 17. exf5 Bxf5 18. Bf3 Rfe8 19. g4 Bc8 20. Re1 Qd7
21. Be4 Rb8 22. b4 b6 23. b5 Bb7 24. a4 Qf7 25. a5 Kg8 26. axb6 Bxe4 27. bxa7
Ba8 28. axb8=Q Rxb8 29. Ra2 Be5 30. Qd2 Qf3 31. Qh6 Qg2# 0-1

[Event "Tournoi francophone 014 Groupe C"]
[Site "Skype"]
[Date "????.??.??"]
[Round "3.5"]
[White "Gerbaux, Regis"]
[Black "Couto, Januario"]
[Result "0-1"]
[WhiteElo "1073"]
[BlackElo "1387"]
[PlyCount "104"]

1. d4 f5 2. Bf4 d6 3. e3 Nf6 4. Nf3 g6 5. c4 Bg7 6. Nc3 O-O 7. Qb3 Kh8 8. c5 d5
9. Rc1 c6 10. Be2 Ne4 11. Nxe4 fxe4 12. Ne5 Nd7 13. Nxd7 Qxd7 14. Rd1 Qe8 15.
O-O e5 16. dxe5 Bxe5 17. Bxe5+ Qxe5 18. Qc3 Qxc3 19. bxc3 b6 20. cxb6 axb6 21.
Rd2 Ba6 22. Bxa6 Rxa6 23. f3 exf3 24. Rdf2 Ra3 25. Rxf3 Rxf3 26. Rxf3 Rxc3 27.
e4 Rc1+ 28. Rf1 Rxf1+ 29. Kxf1 dxe4 30. Ke2 Kg7 31. Ke3 Kf6 32. Kxe4 Ke6 33. a4
h6 34. g3 g5 35. Kd4 h5 36. h4 g4 37. Ke4 c5 38. Kd3 Kd5 39. Ke3 Ke5 40. Kd2
Ke4 41. Kc3 Kf3 42. Kc4 Kxg3 43. Kb5 Kf3 44. Kxb6 g3 45. a5 g2 46. a6 g1=Q 47.
Kc6 Qb1 48. Kxc5 Qb8 49. Kc6 Ke4 50. Kc5 Qa7+ 51. Kb5 Kd4 52. Ka5 Kc4 0-1

[Event "Tournoi francophone 014 Groupe C"]
[Site "Skype"]
[Date "????.??.??"]
[Round "4.1"]
[White "Briere, Jean"]
[Black "Couto, Januario"]
[Result "0-1"]
[WhiteElo "1435"]
[BlackElo "1387"]
[PlyCount "66"]

1. e4 d5 2. exd5 Qxd5 3. Nc3 Qd6 4. Nf3 c6 5. d4 Nf6 6. Be2 Bg4 7. Be3 Nbd7 8.
Qd3 e6 9. O-O-O Nd5 10. Nxd5 cxd5 11. c3 Be7 12. h3 Bf5 13. Qd2 O-O 14. Bd3
Bxd3 15. Qxd3 Rfd8 16. Rhe1 a6 17. g3 Rac8 18. Bf4 Qb4 19. Ng5 g6 20. Kb1 Qa4
21. b3 Qc6 22. Rc1 b5 23. Kb2 a5 24. a3 Nb6 25. Bd2 Qd6 26. b4 axb4 27. axb4
Nc4+ 28. Kb3 Qa6 29. Ra1 Qc6 30. Nf3 Ra8 31. Ne5 Nxe5 32. Rxa8 Nxd3 33. Rxd8+
Bxd8 0-1

[Event "Tournoi francophone 014 Groupe C"]
[Site "Skype"]
[Date "????.??.??"]
[Round "4.2"]
[White "L'Herbon De Lussats, Jean"]
[Black "Gerbaux, Regis"]
[Result "0-1"]
[WhiteElo "1272"]
[BlackElo "1073"]
[PlyCount "150"]

1. d4 d5 2. c4 e6 3. cxd5 exd5 4. g3 Nf6 5. Nd2 Nbd7 6. Ngf3 c5 7. Bg2 Bd6 8.
O-O O-O 9. Nh4 b6 10. e4 dxe4 11. Nxe4 Nxe4 12. Bxe4 Rb8 13. Nf5 Nf6 14. Bg5
Bxf5 15. Bxf5 Be7 16. Be3 Qd5 17. Qd3 Rbd8 18. Rfe1 Rfe8 19. b3 Bf8 20. Rad1 g6
21. Bh3 cxd4 22. Bxd4 Rxe1+ 23. Rxe1 Qxd4 24. Qa6 Ne4 25. Re2 Qd1+ 26. Bf1 Nd2
27. Re3 Bc5 28. Rc3 Nf3+ 29. Rxf3 Qxf3 30. Qe2 Qxe2 31. Bxe2 Rd2 32. Kf1 Rxa2
33. f4 Ra1+ 34. Kg2 Rb1 35. Bc4 Kg7 36. g4 g5 37. f5 f6 38. Kg3 Rc1 39. h4
gxh4+ 40. Kxh4 Bf2+ 41. Kh3 Rc3+ 42. Kg2 Bh4 43. Kf1 Rg3 44. Be2 Rxb3 45. Bd1
Rb1 46. Ke2 Rb2+ 47. Kd3 Rb4 48. Kc3 a5 49. Kd3 a4 50. Kc3 Be1+ 51. Kd3 a3 52.
Ke2 a2 53. Kxe1 a1=Q 54. Kd2 Rd4+ 55. Ke3 Qxd1 56. g5 Qd3+ 57. Kf2 Rf4+ 58. Ke1
Re4+ 59. Kf2 Qf3+ 60. Kxf3 Rc4 61. gxf6+ Kxf6 62. Ke3 b5 63. Kd3 Rf4 64. Ke3
Rh4 65. Kd3 b4 66. Kc2 Rh3 67. Kb2 Rc3 68. Ka2 h5 69. Kb2 h4 70. Ka2 h3 71. Kb2
h2 72. Ka2 h1=Q 73. Kb2 Qh2+ 74. Kb1 Qc2+ 75. Ka1 Ra3# 0-1

[Event "Tournoi francophone 014 Groupe C"]
[Site "Skype"]
[Date "????.??.??"]
[Round "4.3"]
[White "Scata, Laura"]
[Black "Bucherie, Volcy"]
[Result "1/2-1/2"]
[WhiteElo "1366"]
[BlackElo "1336"]
[PlyCount "71"]

1. d4 Nf6 2. Bf4 d6 3. Nc3 Nbd7 4. e4 e5 5. dxe5 dxe5 6. Be3 Bb4 7. Bd3 Nc5 8.
Bxc5 Bxc5 9. Nf3 Ng4 10. O-O O-O 11. h3 Bxf2+ 12. Rxf2 Nxf2 13. Kxf2 c6 14. Qe1
Qb6+ 15. Kf1 f5 16. Na4 Qc7 17. Kg1 b5 18. Nc3 a5 19. a3 a4 20. Qg3 Qa7+ 21.
Qf2 fxe4 22. Bxe4 Rf6 23. Qxa7 Rxa7 24. Nd1 Rf4 25. Bxc6 Bf5 26. Ne3 Be4 27.
Bxe4 Rxe4 28. Ng4 Re2 29. Rc1 Rb7 30. Ngxe5 b4 31. Kf1 Re4 32. Kf2 bxa3 33.
bxa3 Rb2 34. Nd3 Ra2 35. Nd2 Rd4 36. Ke3 1/2-1/2

[Event "Tournoi francophone 014 Groupe C"]
[Site "Skype"]
[Date "????.??.??"]
[Round "4.4"]
[White "Ortiz, Vladimir"]
[Black "Duthoit, Bernard"]
[Result "1/2-1/2"]
[WhiteElo "1419"]
[BlackElo "1379"]
[PlyCount "54"]

1. d4 Nf6 2. Bf4 e6 3. c3 d5 4. e3 c5 5. Bd3 c4 6. Bc2 Nbd7 7. Nd2 b5 8. h3 a5
9. Ngf3 b4 10. O-O Be7 11. Ba4 O-O 12. Bxd7 Qxd7 13. Ne5 Qd8 14. Nc6 Qe8 15.
Nxe7+ Qxe7 16. Nf3 h6 17. Qc2 Nh7 18. Ne5 Bd7 19. Qd1 Ra7 20. Re1 Be8 21. e4 f6
22. Nf3 Bc6 23. exd5 Bxd5 24. Bd2 Qb7 25. Re3 Ng5 26. Nxg5 fxg5 27. f3 Rf6
1/2-1/2

[Event "Tournoi francophone 014 Groupe C"]
[Site "Skype"]
[Date "????.??.??"]
[Round "4.5"]
[White "Farfallini, Michel"]
[Black "Ambrosino, Theo"]
[Result "0-1"]
[WhiteElo "1446"]
[BlackElo "1339"]
[PlyCount "46"]

1. e4 d5 2. exd5 Qxd5 3. Nc3 Qa5 4. Nf3 Nf6 5. d4 Bf5 6. Bc4 e6 7. O-O Nbd7 8.
a3 c6 9. b4 Bxb4 10. Bb2 Bxc3 11. Bxc3 Qxc3 12. Bb3 h6 13. Re1 O-O-O 14. Qd2
Qxd2 15. Nxd2 Nd5 16. Nc4 Kc7 17. Ne5 Nxe5 18. dxe5 Nc3 19. Re3 Rd1+ 20. Rxd1
Nxd1 21. c4 Rd8 22. Re1 Nc3 23. Rc1 Ne2+ 0-1

[Event "Tournoi francophone 014 Groupe C"]
[Site "Skype"]
[Date "????.??.??"]
[Round "5.1"]
[White "Ambrosino, Theo"]
[Black "Briere, Jean"]
[Result "1-0"]
[WhiteElo "1339"]
[BlackElo "1435"]
[PlyCount "63"]

1. c4 e5 2. Nc3 Nf6 3. Nf3 Nc6 4. e4 Bb4 5. Nd5 Nxe4 6. Nxb4 Nxb4 7. d3 Nc5 8.
a3 Nc6 9. b4 Ne6 10. b5 Ncd4 11. Nxe5 d6 12. Nf3 Qe7 13. Be3 Nxf3+ 14. gxf3 Nf4
15. Be2 Ng2+ 16. Kd2 Nxe3 17. fxe3 Bf5 18. a4 b6 19. a5 bxa5 20. e4 Bd7 21.
Rxa5 d5 22. Ra4 dxc4 23. dxc4 O-O 24. Ke3 Rfd8 25. Qd5 Be6 26. Qc6 Qd7 27. Qxd7
Rxd7 28. Rha1 c6 29. b6 Rb7 30. Rxa7 Raxa7 31. Rxa7 Rxa7 32. bxa7 1-0

[Event "Tournoi francophone 014 Groupe C"]
[Site "Skype"]
[Date "????.??.??"]
[Round "5.2"]
[White "Duthoit, Bernard"]
[Black "Farfallini, Michel"]
[Result "1-0"]
[WhiteElo "1379"]
[BlackElo "1446"]
[PlyCount "79"]

1. e4 e5 2. Nf3 Nc6 3. Bb5 a6 4. Bxc6 dxc6 5. Nc3 f6 6. d3 Bg4 7. h3 Bh5 8. g4
Bf7 9. g5 Qd7 10. gxf6 gxf6 11. Be3 O-O-O 12. Qd2 Qe6 13. Na4 Kb8 14. Bc5 Bh6
15. Be3 Bxe3 16. Qxe3 Ne7 17. Nc5 Qc8 18. Qd2 Bh5 19. Ke2 Ng6 20. Ke3 Nf4 21.
Rag1 Ne6 22. Nxe6 Qxe6 23. b3 c5 24. Qc3 Qb6 25. Ke2 Rhg8 26. Rg3 Rg6 27. Rxg6
hxg6 28. Rg1 Re8 29. Rg3 f5 30. exf5 gxf5 31. Kf1 e4 32. Ne5 Qd6 33. Nc4 Qf4
34. Ne3 Bf3 35. Qxc5 exd3 36. cxd3 Bc6 37. Qxf5 Qxf5 38. Nxf5 Bb5 39. a4 Bxd3+
40. Rxd3 1-0

[Event "Tournoi francophone 014 Groupe C"]
[Site "Skype"]
[Date "????.??.??"]
[Round "5.3"]
[White "Bucherie, Volcy"]
[Black "Ortiz, Vladimir"]
[Result "0-1"]
[WhiteElo "1336"]
[BlackElo "1419"]
[PlyCount "42"]

1. d4 d5 2. c4 dxc4 3. e4 Nc6 4. Nf3 Bg4 5. Bxc4 Bxf3 6. Qxf3 e6 7. O-O Qxd4 8.
Nd2 Bb4 9. Rd1 Bxd2 10. Bxd2 Qxc4 11. Bc3 Nf6 12. b3 Qc5 13. Bxf6 gxf6 14. Qxf6
Qe5 15. Qf3 Rd8 16. Rac1 Rxd1+ 17. Rxd1 Ke7 18. Kf1 Rd8 19. Rc1 Qb5+ 20. Ke1
Nd4 21. Qc3 Qe2# 0-1

[Event "Tournoi francophone 014 Groupe C"]
[Site "Skype"]
[Date "????.??.??"]
[Round "5.4"]
[White "Gerbaux, Regis"]
[Black "Scata, Laura"]
[Result "1/2-1/2"]
[WhiteElo "1073"]
[BlackElo "1366"]
[PlyCount "51"]

1. d4 Nf6 2. Bf4 d6 3. Nf3 Bg4 4. e3 g6 5. Nbd2 Nbd7 6. Be2 Bg7 7. c3 O-O 8. h3
Bf5 9. O-O c5 10. Qb3 Qb6 11. Rfe1 Qxb3 12. axb3 cxd4 13. Nxd4 Bxh3 14. gxh3 e5
15. Bg3 exd4 16. Bxd6 dxe3 17. fxe3 Rfe8 18. Bc4 Bh6 19. Bf4 Bf8 20. b4 Ne5 21.
Bxe5 Rxe5 22. Nf3 Rf5 23. Rf1 Ne4 24. Kg2 Rc8 25. Bd3 Rxf3 26. Rxf3 1/2-1/2

[Event "Tournoi francophone 014 Groupe C"]
[Site "Skype"]
[Date "????.??.??"]
[Round "5.5"]
[White "Couto, Januario"]
[Black "L'Herbon De Lussats, Jean"]
[Result "1-0"]
[WhiteElo "1387"]
[BlackElo "1272"]
[PlyCount "73"]

1. e4 c5 2. c3 d6 3. Nf3 Nf6 4. h3 Nxe4 5. Qa4+ Qd7 6. Qxe4 Qe6 7. Bb5+ Kd8 8.
Ng5 Qxe4+ 9. Nxe4 a6 10. Ba4 b5 11. Bc2 c4 12. Ng5 Ke8 13. Nxh7 g6 14. Ng5 Bh6
15. d4 cxd3 16. Bxd3 f6 17. Bxg6+ Kf8 18. Nf7 Bxc1 19. Nxh8 Bxb2 20. Nd2 Bxa1
21. O-O Bxc3 22. Rc1 b4 23. Ne4 Bb7 24. Nxc3 bxc3 25. Bh5 Nd7 26. Ng6+ Kg7 27.
Nxe7 Be4 28. f3 Bd3 29. Rxc3 Bb5 30. Nf5+ Kh7 31. Nxd6 Kh6 32. Bg4 Ne5 33. Ne4
Rd8 34. Nxf6 Rd1+ 35. Kh2 Kg5 36. Ne4+ Kf4 37. g3# 1-0

[Event "Tournoi francophone 014 Groupe C"]
[Site "Skype"]
[Date "????.??.??"]
[Round "6.1"]
[White "Briere, Jean"]
[Black "L'Herbon De Lussats, Jean"]
[Result "1-0"]
[WhiteElo "1435"]
[BlackElo "1272"]
[PlyCount "67"]

1. e4 c5 2. Nf3 d6 3. d4 cxd4 4. Nxd4 e5 5. Nf3 Nf6 6. Nc3 Be7 7. Bc4 h6 8. O-O
O-O 9. h3 a6 10. Re1 b5 11. Bd5 Ra7 12. Be3 Rd7 13. b4 Bb7 14. a4 Qc7 15. Qd3
Rc8 16. Bxb7 Qxb7 17. axb5 Rdc7 18. bxa6 Qxb4 19. Nd5 Qxe4 20. Qxe4 Nxe4 21.
Nxc7 Rxc7 22. a7 Rxa7 23. Bxa7 Nc6 24. Rxe4 d5 25. Re2 e4 26. Nd2 Bb4 27. Nxe4
dxe4 28. Rxe4 f5 29. Rc4 Nxa7 30. Rxa7 Bd2 31. Rcc7 h5 32. Rxg7+ Kh8 33. Rgd7
Bg5 34. Ra8+ 1-0

35. Kh2 Kg5 36. Ne4+ Kf4 37. g3# 1-0

[Event "Tournoi francophone 014 Groupe C"]
[Site "Skype"]
[Date "????.??.??"]
[Round "6.2"]
[White "Scata, Laura"]
[Black "Couto, Januario"]
[Result "0-1"]
[WhiteElo "1366"]
[BlackElo "1387"]
[PlyCount "44"]

1. d4 f5 2. Nf3 Nf6 3. Bg5 Ne4 4. Bf4 d6 5. Nbd2 Nf6 6. Bg5 Nbd7 7. c3 g6 8.
Qc2 Bg7 9. e4 fxe4 10. Nxe4 O-O 11. Bd3 Nxe4 12. Bxe4 Nf6 13. Bd3 Qe8 14. O-O-O
Bg4 15. Be2 e5 16. dxe5 dxe5 17. h3 Bf5 18. Qd2 Rd8 19. Qe3 Nd5 20. Bc4 Qa4 21.
Bxd5+ Rxd5 22. Rxd5 Qc2# 0-1

[Event "Tournoi francophone 014 Groupe C"]
[Site "Skype"]
[Date "????.??.??"]
[Round "6.3"]
[White "Ortiz, Vladimir"]
[Black "Gerbaux, Regis"]
[Result "1-0"]
[WhiteElo "1419"]
[BlackElo "1073"]
[PlyCount "67"]

1. e4 c6 2. e5 d6 3. exd6 exd6 4. d4 d5 5. Nf3 Nf6 6. Bg5 Be7 7. Nbd2 Be6 8. h3
Nbd7 9. c3 Rc8 10. Rc1 O-O 11. Bd3 c5 12. dxc5 Nxc5 13. Qc2 Nxd3+ 14. Qxd3 d4
15. Qxd4 Bxa2 16. Qxd8 Rfxd8 17. Ra1 Bd5 18. Rxa7 Ra8 19. Rxa8 Rxa8 20. O-O Be6
21. Nd4 h6 22. Nxe6 fxe6 23. Be3 Rd8 24. Nf3 Nd5 25. Bd4 Nf4 26. Re1 Kf7 27.
Re4 Bd6 28. Ne5+ Bxe5 29. Rxe5 Nd3 30. Re2 Nf4 31. Re3 Rd5 32. Rf3 Rf5 33. Kh2
g6 34. g4 1-0

[Event "Tournoi francophone 014 Groupe C"]
[Site "Skype"]
[Date "????.??.??"]
[Round "6.4"]
[White "Farfallini, Michel"]
[Black "Bucherie, Volcy"]
[Result "0-1"]
[WhiteElo "1446"]
[BlackElo "1336"]
[PlyCount "64"]

1. e4 c6 2. Nf3 d5 3. exd5 cxd5 4. Bb5+ Nc6 5. O-O Bd7 6. d4 Nf6 7. Nc3 a6 8.
Ba4 Nb4 9. Bb3 e6 10. a3 Nc6 11. Re1 Bd6 12. Nxd5 O-O 13. Bf4 Bb8 14. Nxf6+
Qxf6 15. Bxb8 Raxb8 16. c3 Rfe8 17. Ne5 Re7 18. Qd3 Nxe5 19. Rxe5 b5 20. Bc2 g6
21. Rae1 Rbe8 22. Qg3 Kg7 23. h4 h6 24. Qd3 Qxh4 25. Qxg6+ fxg6 26. R5e4 Qf6
27. Rg4 g5 28. Re5 Rf8 29. f3 Be8 30. Ree4 Bc6 31. Ref4 Qxf4 32. Rxf4 gxf4 0-1

[Event "Tournoi francophone 014 Groupe C"]
[Site "Skype"]
[Date "????.??.??"]
[Round "6.5"]
[White "Ambrosino, Theo"]
[Black "Duthoit, Bernard"]
[Result "1-0"]
[WhiteElo "1339"]
[BlackElo "1379"]
[PlyCount "27"]

1. c4 e6 2. Nc3 c5 3. b3 g6 4. Bb2 Bg7 5. g3 Nc6 6. e3 b6 7. Bg2 Bb7 8. Nf3 Rb8
9. O-O Nge7 10. d4 d6 11. Qd2 Qc7 12. d5 exd5 13. Nb5 Qc8 14. Nxd6+ 1-0